000 00456nam a2200145Ia 4500
008 100204s9999 xx 000 0 und d
082 _b8833
100 _aजागिरदार गजानन
245 _aपाउलखुणा
260 _b"मॅजेस्टिक प्रकाशन , मुंबई"
_c1986
300 _a260
630 _aपाउलखुणा
730 _aपाउलखुणा
942 _cBOOK
999 _c453269
_d453266